Disney Trivia + Word Scramble - Statistics

General Stats
  • This quiz has been taken 136 times
  • The average score is 13 of 34
Answer Stats
AnswerV % Correct
Left
99%
Twelve
80%
Prince Philip
69%
Flora
59%
Fauna
58%
Merryweather
55%
Pride Rock
55%
Five dozen
52%
Sarabi
52%
24 hours
51%
Staring straight back at me?
51%
Dinglehopper
49%
Steamboat Willie
47%
Dumbo
41%
Mary
41%
Maldonia
32%
{B}
27%
{I}
27%
{B}
26%
{B}
26%
{B}
26%
{B}
26%
{B}
26%
{B}
26%
{I}
26%
{I}
26%
{O}
26%
{O}
26%
{O}
26%
{D}
25%
{D}
25%
{I}
25%
{I}
25%
Persephone
5%
No matching quizzes found
Score Distribution
Percent of People with Each Score
Percentile by Number Answered
Your Score History
You have not taken this quiz